| 000 | 00539nam a2200193Ia 4500 | ||
|---|---|---|---|
| 005 | 20250508152807.0 | ||
| 008 | 008 250505s9999 xx 000 0 eng d | ||
| 037 | _aTextual | ||
| 040 |
_aFEDL _beng _cFEDL |
||
| 041 |
_aeng _2eng |
||
| 084 |
_a021, COL _qFEDL |
||
| 100 |
_aStevenson W B _9762396 |
||
| 245 | 0 | _aLibrary assistance to readers | |
| 260 |
_aLondon, UK _bCrosby Lockwood and Sons Ltd. _c1950 |
||
| 300 | _axviii,130p. | ||
| 650 | _aLibrary Science | ||
| 942 |
_cTEXL _h021, COL |
||
| 999 |
_c1338789 _d1338789 |
||